00580nam a2200217Ia 4500008004100000020002200041050001800063050001400081100002400095245002500119245002900144245003900173250001600212260001600228260003400244260000900278300001600287300002800303300001100331500002000342180523s9999 xx 000 0 und d a978-0-13-254688-1 aMAIN HF 1008  b.B68 2011 aBovee, Courtland L. 0aBusiness in action : 0bwith real time updates / 0cCourtland L. Bovee, John V. Thill. a5th Edition aSingapore : bPearson Education South Asia, c2011 a592 pages : bcolored illustrations ; c28 cm. aIncludes index.